• 首页
  • 本馆介绍
  • 公告通知
  • 最新文献
  • 馆藏检索
  • 电子资源
  • 读者导购
  • 参考咨询
  • 我的图书馆
  • 登录
  • 详细信息显示
  • 放入我的书架
  • 预约/预借图书
  • 作者相关作品
  • 分类相关作品
  • 丛书相关作品
  • 出版社相关作品

书目信息

  • 表格格式
  • 工作单格式
  • 卡片格式
题名:
数字通信原理与应用
    
 
作者: 魏媛 , 龙燕 , 周冬梅 主编
分册:  
出版信息: 北京   电子工业出版社  2017.2
页数: 10,313页
开本: 26cm
丛书名:
单 册:
中图分类: TN914.3
科图分类:
主题词: 数字通信--高等学校--教材
电子资源:
ISBN: 978-7-121-30781-2
000 01054nam0 2200277 450
001 0400001219
005 20171015134900.0
010    @a978-7-121-30781-2@dCNY43.00
100    @a20170802d2017 em y0chiy50 ea
101 0  @achi
102    @aCN@b110000
105    @aa z 000yy
106    @ar
200 1  @a数字通信原理与应用@9shu zi tong xin yuan li yu ying yong@f魏媛,龙燕,周冬梅主编
210    @a北京@c电子工业出版社@d2017.2
215    @a10,313页@c图@d26cm
300    @a全国高等职业教育“十二五”规划教材 中国电子教育学会推荐教材 全国高等院校“+互联网”系列精品教材
320    @a有书目(第313页)
330    @a本书共10个模块:认识数字通信、信道与噪声、通信系统有效性传输、通信系统可靠性传输、数字信号的基带传输、模拟调制解调、数字调制解调、定时与同步、数字信号的最佳接收、典型数字通信技术。
606 0  @a数字通信@x高等学校@j教材
690    @aTN914.3@v5
701  0 @a魏媛@9wei yuan@4主编
701  0 @a龙燕@9long yan@4主编
701  0 @a周冬梅@9zhou dong mei@4主编
801  0 @aCN@b91MARC@c20171015
905    @b1020484-8@dTN914.3@f5@e142
    
    数字通信原理与应用/魏媛,龙燕,周冬梅主编.-北京:电子工业出版社,2017.2
    10,313页:图;26cm
    全国高等职业教育“十二五”规划教材 中国电子教育学会推荐教材 全国高等院校“+互联网”系列精品教材
    
    ISBN 978-7-121-30781-2:CNY43.00
    本书共10个模块:认识数字通信、信道与噪声、通信系统有效性传输、通信系统可靠性传输、数字信号的基带传输、模拟调制解调、数字调制解调、定时与同步、数字信号的最佳接收、典型数字通信技术。
●
相关链接 在E读中查询图书 在五车中查询图书 在当当中查询图书 在豆瓣中查询图书


正题名:数字通信原理与应用     索取号:TN914.3/142         预约/预借

序号 登录号 条形码 馆藏地/架位号 状态 备注
1 1020484   210204848   第二样本阅览室/ [索取号:TN914.3/142] 在馆    
2 1020485   210204857   密集书库-物理学院/ [索取号:TN914.3/142] 在馆    
3 1020486   210204866   第三借阅区/ [索取号:TN914.3/142] 在馆    
4 1020487   210204875   第三借阅区/ [索取号:TN914.3/142] 在馆    
5 1020488   210204884   第三借阅区/ [索取号:TN914.3/142] 在馆    
唐山师范学院图书馆 欢迎您!
大连网信软件有限公司© 版权所有